000 00987cam a2200253 4500
001 WB3542-34
008 000000n1999 000 0 eng u
035 _a(Sirsi) u100968
245 _aReform could bring chaos
260 _c1999
490 _aWestern Mail
_v23 October 1999, 4(2)
520 _aA spokesperson for Team, a grouping of estate agents which has just launched a branch in South Wales, warns that the proposed changes to the housebuying system could result in 'chaos'. He argues that surveyors will not be able to cope with the increased volume of work, and that there will be conflicts of interest.
590 _aWB
650 _aPROPERTY-RESIDENTIAL PROPERTY-ACQUISITION AND DISPOSAL OF RESIDENTIAL PROPERTY
650 _aREFORM
650 _aSELLERS SURVEYS
650 _aTEAM
650 _aESTATE AGENTS
650 _aPROPERTY MARKET
650 _aCONFLICTS OF INTEREST
650 _aCONVEYANCING
690 _aPROPERTY LAW AND PRACTICE
942 _n0
999 _c60263
_d60263